00971nam a22002297a 45000010005000000030006000050050017000110080041000280200017000690400029000860500009001150820013001241000015001372450054001522600036002063000047002425050007002895200368002965210027006645210018006916500032007097954FISKH20250814154451.0250814b cb ||||| |||| 00| 0 eng d a780009006998 aFISKHbengcFISKHdFISKH aPZ7  a791.4372 aAnonymous  aThe tiger movie : bWalt Diney picture presents / aNew York : bMousework, c2000. a64 pages : bcolor illustrations ; c29 cm aG  aIn this storybook adaptation of the animated film, Tigger sets off on a quest to find his real family. Along the way, he learns that family isn’t only about sharing stripes—it’s about the friends who care for you. With help from Pooh, Piglet, Roo, and the rest of the Hundred Acre Wood, Tigger discovers that he already has the perfect family right at home.8 a380 bLexile estimate 8 aG bRaz-Plus  aTigervJuvenile literature